Datum a čas kvízu

31 Celkem bodů Celkový počet nahraných bodů na tomto kvízu bez doplňovacích otázek.
7. Pořadí na kvízu Konečné umístění týmu na tomto kvízu.

Zaznamenané odpovědi

# Otázka Odpověď Body Výsledky
1. Tzv. Turistická sjezdovka na K... splašky 1
2. Francouzský europoslanec Rapha... socha Svobody 1
3. Minulý týden byl představen tr... Jiří Mádl; Tomáš Vorel (ml.) 1
4. Americká společnost Alphabet,... Wiz 0
5. Uveďte název zimního střediska... Svatý Mořic/St. Moritz; paralelní obří slalom 0.5
6. Podíváme se na temné stránky d... Jan Želivský 0
7. Doba pobělohorská znamenala zá... Obnovené zřízení zemské 1
8. První světová válka znamenala... Osmanská říše 0
9. V období tzv. Protektorátu se... Josef Balabán, Josef Mašín, Václav Morávek 0
10. Jedním z nejkontroverznějších... v roce 1953, Antonín Zápotocký 0.5